A communicative grammar of English (Record no. 533335)

000 -LEADER
fixed length control field 00548nam a22002057a 4500
003 - CONTROL NUMBER IDENTIFIER
control field NUST -
005 - DATE AND TIME OF LATEST TRANSACTION
control field 20191226121613.0
008 - FIXED-LENGTH DATA ELEMENTS--GENERAL INFORMATION
fixed length control field 150427b xxu||||| |||| 00| 0 eng d
020 ## - INTERNATIONAL STANDARD BOOK NUMBER
International Standard Book Number 9788129702517
038 ## - RECORD CONTENT LICENSOR
Staff Name MSOHAIL
040 ## - CATALOGING SOURCE
Transcribing agency LIBRARY
082 ## - DEWEY DECIMAL CLASSIFICATION NUMBER
Classification number 428.24 LEE
100 ## - MAIN ENTRY--PERSONAL NAME
Personal name Leech, Geoffrey
9 (RLIN) 27173
245 ## - TITLE STATEMENT
Title A communicative grammar of English
Statement of responsibility, etc. Geoffrey Leech
250 ## - EDITION STATEMENT
Edition statement 3rd ed
260 ## - PUBLICATION, DISTRIBUTION, ETC.
Place of publication, distribution, etc. India
Name of publisher, distributor, etc. Pearson Education Limited
Date of publication, distribution, etc. c2002.
300 ## - PHYSICAL DESCRIPTION
Extent 440 p. :
650 ## - SUBJECT ADDED ENTRY--TOPICAL TERM
Topical term or geographic name entry element English language
General subdivision General
9 (RLIN) 27174
942 ## - ADDED ENTRY ELEMENTS (KOHA)
Source of classification or shelving scheme
Koha item type Book
Holdings
Withdrawn status Lost status Source of classification or shelving scheme Damaged status Not for loan Permanent Location Current Location Date acquired Total Checkouts Full call number Barcode Date last seen Date last checked out Price effective from Koha item type
          School of Civil and Environmental Engineering (SCEE) School of Civil and Environmental Engineering (SCEE) 12/26/2019 1 428.24 LEE NIT-8913 10/18/2022 10/10/2022 12/26/2019 Book
© 2023 Central Library, National University of Sciences and Technology. All Rights Reserved.